000 00784nam a2200277Ia 4500
001 Z_2953
003 CHAP
008 220113s1998 xx 000 0 und d
010 _a166036
040 _cCHAP
082 _a636.4 T7
100 _aTrujillo Ortega, María Elena
_9115414
245 _aSistemas de producción animal 1 : cerdos /
_cpor María Elena Trujillo Ortega
260 _aMéxico, D. F. :
_bUNAM. Facultad de Medicina Veterinaria y Zootecnia,
_c1998
300 _a202 p.
440 _a
500 _a
503 _a
650 _aGanado porcino
_xProducción I. Universidad Autónoma de México. Facultad de Medicina Veterinaria y Zootecnia
_9140083
901 _a636.4 T7
902 _aA
910 _a1998
942 _c1
942 _cc1
999 _c166036
_d166036